El legado de Grecia

保存先:
書誌詳細
第一著者: Livingstone, Richard (autor)
フォーマット: 図書
言語:スペイン語
出版事項: Madrid, España Pegaso 1947
主題:
タグ: タグ追加
タグなし, このレコードへの初めてのタグを付けませんか!

MARC

LEADER 00000nam a2200000 a 4500
001 UCP9750
003 CL-VaPUC
005 20240701120913.0
008 000331e19470000SP |||||||||||||||||spa|d
999 |c 286536  |d 286534 
040 |c Pontificia Universidad Católica de Valparaíso 
082 0 4 |a 938 LIV 1947  |2 21 
100 |a Livingstone, Richard  |e autor  |9 440533 
245 1 3 |a El legado de Grecia 
260 |a Madrid, España  |b Pegaso  |c 1947 
300 |a 566 páginas 
583 |a last modification  |c 20000331 00:00:00  |k Rodrigo Vera 
650 0 |a Historia antigua  |9 267521 
650 0 |a Civilización griega  |9 265578 
650 0 |a Religión griega  |9 440084 
650 0 |a Filosofía griega  |9 265579 
650 0 |a Arquitectura griega   |9 314421 
650 7 |a DESARROLLO CIENTIFICO  |2 CL-VaPUC  |9 440440 
651 0 |a Grecia  |9 265314 
942 |c BK  |2 ddc 
945 |d 20000331 00:00:00  |a rherrera 
952 |0 0  |1 0  |4 0  |6 938_000000000000000_LIV_1947  |7 0  |8 X  |9 332523  |a BIBHIS  |b BIBHIS  |d 2019-11-20  |i 1261576  |o 938 LIV 1947  |p 1261576  |r 2024-01-30  |w 2019-11-20  |y BK_X  |k HIS